Efektívne spôsoby a nové prístupy profesionálnych tlmočníkov k práci s jazykom

Metódy osvojovania si pasívnych jazykov u profesionálnych tlmočníkov. Metódy na rozvoj pasívnych rečových zručností. Tlmočenie a jazykové kombinácie. Faktory pôsobiace pri osvojovaní jazyka.

Na minha lista:
Detalhes bibliográficos
Autor principal: Strelinger, Ján, 1964-
Formato: Capítulo de Livro
Idioma:eslovaco
Assuntos:
Tags: Adicionar Tag
Sem tags, seja o primeiro a adicionar uma tag!

MARC

LEADER 00000naa$a2200000$$$4500
001 0268349
005 20240502074216.7
041 0 |a slo 
044 |a SK 
245 1 0 |a Efektívne spôsoby a nové prístupy profesionálnych tlmočníkov k práci s jazykom  |c Ján Strelinger 
520 |a Metódy osvojovania si pasívnych jazykov u profesionálnych tlmočníkov. Metódy na rozvoj pasívnych rečových zručností. Tlmočenie a jazykové kombinácie. Faktory pôsobiace pri osvojovaní jazyka. 
610 2 0 |a jazyky cudzie 
610 2 0 |a vzdelávanie 
610 2 0 |a tlmočníctvo 
610 2 0 |a tlmočníci 
610 2 0 |a metódy 
100 1 |a Strelinger, Ján, 1964-